[Event "WY U-16 Chess Olympiad 2019"]
[Site "Corum"]
[Date "2019.10.30"]
[Round "3"]
[White "Makarian, Rudik"]
[Black "Borhy, Marcell"]
[Result "1-0"]
[WhiteElo "2386"]
[BlackElo "2321"]
[Annotator "NA"]
[PlyCount "87"]
[EventDate "2019.10.28"]
[EventType "team-tourn"]
[EventCountry "TUR"]
[SourceTitle "playchess.com"]
[Source "ChessBase"]
[SourceQuality "1"]

1. f4 d6 2. Nf3 Nf6 3. g3 Nbd7 4. Bg2 e5 5. d3 c6 6. O-O Qc7 7. e4 Be7 8. Nbd2 b6 9. Qe2 Bb7 10. a4 O-O-O 11. Nc4 Ba6 12. a5 Bxc4 13. dxc4 c5 14. f5 Nb8 15. c3 bxa5 16. Bg5 Nc6 17. Ra2 Nd7 18. Be3 Nb6 19. g4 f6 20. Rfa1 g5 21. h4 h6 22. Qd3 Rdg8 23. h5 Qd7 24. Nd2 Kd8 25. Bf3 Ke8 26. Bd1 Bd8 27. Bc2 Bc7 28. Nb3 Nc8 29. Rd1 Rg7 30. Qe2 Qf7 31. Nxc5 dxc5 32. Ba4 N8e7 33. Bxc5 Bb6 34. Bxb6 axb6 35. Rd6 Kf8 36. Bxc6 Nxc6 37. Rxc6 Kg8 38. Ra1 Kh7 39. Rd1 Qa7 40. Rxf6 b5+ 41. Kg2 Rd7 42. Rdd6 Rxd6 43. Rxd6 bxc4 44. Qd2 1-0

[Event "WY U-16 Chess Olympiad 2019"]
[Site "Corum"]
[Date "2019.10.30"]
[Round "3"]
[White "Kizilkus, Akin"]
[Black "Haring, Filip"]
[Result "1/2-1/2"]
[WhiteElo "2381"]
[BlackElo "2294"]
[Annotator "NA"]
[PlyCount "73"]
[EventDate "2019.10.28"]
[EventType "team-tourn"]
[EventCountry "TUR"]
[SourceTitle "playchess.com"]
[Source "ChessBase"]
[SourceQuality "1"]

1. d4 Nf6 2. c4 e6 3. Nc3 Bb4 4. Qc2 O-O 5. a3 Bxc3+ 6. Qxc3 b6 7. Nf3 d6 8. e3 Bb7 9. Be2 Nbd7 10. O-O c5 11. b3 Ne4 12. Qc2 Rc8 13. Bb2 cxd4 14. Nxd4 e5 15. Nb5 a6 16. Nc3 Nxc3 17. Qxc3 Qg5 18. f3 b5 19. e4 bxc4 20. bxc4 f5 21. exf5 Rxf5 22. Bc1 Qe7 23. Rb1 Ba8 24. Be3 d5 25. Qd3 e4 26. Qd4 exf3 27. Rxf3 Re5 28. cxd5 Bxd5 29. Rg3 Nf6 30. Bxa6 Re8 31. Bc4 Rxe3 32. Bxd5+ Nxd5 33. Qxd5+ Kh8 34. Qd2 Rxg3 35. hxg3 Qxa3 36. Re1 Qc5+ 37. Kh2 1/2-1/2

[Event "WY U-16 Chess Olympiad 2019"]
[Site "Corum"]
[Date "2019.10.30"]
[Round "3"]
[White "Aronyak Ghosh"]
[Black "Nogerbek, Kazybek"]
[Result "1/2-1/2"]
[WhiteElo "2380"]
[BlackElo "2387"]
[Annotator "NA"]
[PlyCount "48"]
[EventDate "2019.10.28"]
[EventType "team-tourn"]
[EventCountry "TUR"]
[SourceTitle "playchess.com"]
[Source "ChessBase"]
[SourceQuality "1"]

1. c4 e6 2. Nf3 d5 3. g3 Nf6 4. b3 d4 5. Bg2 c5 6. e3 Nc6 7. exd4 cxd4 8. O-O Bd6 9. d3 h6 10. Na3 O-O 11. Nc2 e5 12. b4 Re8 13. b5 Nb8 14. Nd2 Bg4 15. Qe1 Nbd7 16. Ne4 Nc5 17. Nxd6 Qxd6 18. Ba3 Rab8 19. Qd2 Qc7 20. Nb4 Qa5 21. Qb2 Na4 22. Qb3 Nc5 23. Qb2 Na4 24. Qb3 Nc5 1/2-1/2

[Event "WY U-16 Chess Olympiad 2019"]
[Site "Corum"]
[Date "2019.10.30"]
[Round "3"]
[White "Stoyanov, Tsvetan"]
[Black "Galperin, Platon"]
[Result "1/2-1/2"]
[WhiteElo "2377"]
[BlackElo "2469"]
[Annotator "ChessBase"]
[PlyCount "47"]
[EventDate "2019.10.28"]
[EventType "team-tourn"]
[EventCountry "TUR"]
[SourceTitle "playchess.com"]
[Source "ChessBase"]
[SourceQuality "1"]

1. e4 c5 2. Nc3 Nc6 3. Bb5 Nd4 4. Bc4 a6 5. Nge2 b5 6. Bd5 Rb8 7. d3 e6 8. Bb3 a5 9. a4 Nxb3 10. cxb3 b4 11. Nb5 Nf6 12. Bf4 d6 13. d4 Ba6 14. dxc5 Bxb5 15. axb5 Rxb5 16. cxd6 Nxe4 17. Qc2 Nxd6 18. O-O e5 19. Rfe1 Be7 20. Nd4 exd4 21. Bxd6 Qxd6 22. Qc8+ Qd8 23. Qc6+ Qd7 24. Qa8+ 1/2-1/2

[Event "WY U-16 Chess Olympiad 2019"]
[Site "Corum"]
[Date "2019.10.30"]
[Round "3"]
[White "Sahidi, Samir"]
[Black "Tanriverdi, Enes"]
[Result "1/2-1/2"]
[WhiteElo "2374"]
[BlackElo "2401"]
[Annotator "NA"]
[PlyCount "115"]
[EventDate "2019.10.28"]
[EventType "team-tourn"]
[EventCountry "TUR"]
[SourceTitle "playchess.com"]
[Source "ChessBase"]
[SourceQuality "1"]

1. e4 c5 2. Nf3 e6 3. d4 cxd4 4. Nxd4 Nc6 5. Nc3 Qc7 6. Be3 a6 7. Qd2 Nf6 8. f4 Bb4 9. Bd3 Na5 10. O-O-O b5 11. Nde2 Nc4 12. Bxc4 Qxc4 13. Qd4 Qxd4 14. Rxd4 Bc5 15. Rd3 Bxe3+ 16. Rxe3 Bb7 17. e5 Nd5 18. Nxd5 Bxd5 19. Rd1 Ke7 20. g4 Rac8 21. Nd4 Bb7 22. f5 Rc5 23. a3 Rhc8 24. Kb1 g6 25. c3 gxf5 26. gxf5 Rg8 27. Rde1 Rg5 28. Rg3 Rxg3 29. hxg3 Rc8 30. fxe6 fxe6 31. Re3 Rf8 32. Kc1 Rf1+ 33. Kd2 Kf7 34. Re2 Bd5 35. Rh2 Kg7 36. Ke3 Re1+ 37. Re2 Rg1 38. Kf4 Kg6 39. g4 h6 40. Rf2 Re1 41. Ne2 Bc4 42. Ng3 Bd5 43. Rf1 Rxf1+ 44. Nxf1 Bc4 45. Ng3 Bd3 46. Nh5 Bc2 47. Ng3 Bd3 48. b4 Bc2 49. Ne2 Bb3 50. Nd4 Bd5 51. Nc2 Bb3 52. Ne3 Ba2 53. Nd1 Bb1 54. Nb2 Bc2 55. c4 Kf7 56. cxb5 axb5 57. Ke3 Kg6 58. Kd4 1/2-1/2

[Event "WY U-16 Chess Olympiad 2019"]
[Site "Corum"]
[Date "2019.10.30"]
[Round "3"]
[White "Globus, Or"]
[Black "Taspinar, Yanki"]
[Result "1-0"]
[WhiteElo "2371"]
[BlackElo "2010"]
[Annotator "NA"]
[PlyCount "103"]
[EventDate "2019.10.28"]
[EventType "team-tourn"]
[EventCountry "TUR"]
[SourceTitle "playchess.com"]
[Source "ChessBase"]
[SourceQuality "1"]

1. d4 d5 2. c4 e6 3. Nf3 Nf6 4. g3 dxc4 5. Bg2 Bd7 6. Ne5 Bc6 7. Nxc6 Nxc6 8. O-O Qd7 9. e3 Rd8 10. Qa4 Nb4 11. Qxd7+ Rxd7 12. Na3 c5 13. dxc5 Bxc5 14. Nxc4 Nd3 15. Rd1 O-O 16. Bxb7 Nxc1 17. Rxd7 Ne2+ 18. Kf1 Nxg3+ 19. hxg3 Nxd7 20. Rd1 Nf6 21. a3 Rb8 22. Bf3 Be7 23. b4 Rc8 24. Ne5 Rc7 25. Nc6 Kf8 26. a4 Nd7 27. b5 Bc5 28. a5 Ke8 29. g4 Rc8 30. Rc1 Bd6 31. Ra1 Bc5 32. b6 axb6 33. Na7 Rb8 34. a6 b5 35. Nc6 Rc8 36. Nd4 Bxd4 37. exd4 Nb6 38. a7 Ke7 39. Rb1 Rc7 40. Rxb5 Rxa7 41. Rxb6 Ra4 42. Rb7+ Kf6 43. Rd7 g6 44. Kg2 h6 45. Kg3 Kg5 46. Rxf7 Rxd4 47. Be4 e5 48. f3 Rd6 49. Re7 Kf6 50. Rc7 Rd4 51. Rc6+ Kf7 52. Bxg6+ 1-0

[Event "WY U-16 Chess Olympiad 2019"]
[Site "Corum"]
[Date "2019.10.30"]
[Round "3"]
[White "Talukdar, Rohan"]
[Black "Chan, Yi Meng Ryan"]
[Result "1-0"]
[WhiteElo "2369"]
[BlackElo "2130"]
[Annotator "NA"]
[PlyCount "85"]
[EventDate "2019.10.28"]
[EventType "team-tourn"]
[EventCountry "TUR"]
[SourceTitle "playchess.com"]
[Source "ChessBase"]
[SourceQuality "1"]

1. e4 e5 2. Nf3 Nc6 3. Bb5 a6 4. Ba4 Nf6 5. O-O Be7 6. Re1 b5 7. Bb3 d6 8. c3 O-O 9. d4 Bb7 10. Nbd2 Re8 11. Ng5 Rf8 12. Nf1 Na5 13. Bc2 c5 14. d5 g6 15. h4 Bc8 16. b3 Bg4 17. Nf3 Nh5 18. g3 c4 19. b4 Nb7 20. N1h2 Bd7 21. a4 a5 22. Bh6 Re8 23. Nd2 axb4 24. cxb4 c3 25. Nb1 Qc7 26. Ra3 bxa4 27. Nxc3 Qc4 28. Qb1 Reb8 29. Bd3 Qc7 30. Qa2 Nd8 31. Rb1 f5 32. exf5 gxf5 33. Nxa4 Nf7 34. Bd2 e4 35. Be2 Nf6 36. Nc3 Rxa3 37. Qxa3 Ne5 38. Qb3 Nd3 39. b5 Rb7 40. Be3 Be8 41. b6 Qb8 42. Qd1 Bg6 43. f4 1-0

[Event "WY U-16 Chess Olympiad 2019"]
[Site "Corum"]
[Date "2019.10.30"]
[Round "3"]
[White "Lazavik, Denis"]
[Black "Tarlabasi, Emirhan"]
[Result "1/2-1/2"]
[WhiteElo "2368"]
[BlackElo "2365"]
[Annotator "NA"]
[PlyCount "71"]
[EventDate "2019.10.28"]
[EventType "team-tourn"]
[EventCountry "TUR"]
[SourceTitle "playchess.com"]
[Source "ChessBase"]
[SourceQuality "1"]

1. d4 d5 2. c4 e6 3. Nf3 Nf6 4. Nc3 Be7 5. Bg5 O-O 6. e3 h6 7. Bh4 b6 8. Bd3 Bb7 9. O-O Nbd7 10. Qe2 c5 11. Rfd1 Ne4 12. Bxe7 Qxe7 13. cxd5 exd5 14. a4 a6 15. Rac1 Nxc3 16. bxc3 c4 17. Bf5 Bc6 18. Ra1 g6 19. Bxd7 Bxd7 20. Ne5 Qe8 21. Rdb1 Rb8 22. Rb4 Bf5 23. Re1 f6 24. e4 fxe5 25. exf5 e4 26. Qd2 Kh7 27. fxg6+ Qxg6 28. Re3 Rf6 29. Rg3 Qf5 30. Rb2 Rbf8 31. Qe3 R8f7 32. h3 Qd7 33. Ra2 Rf4 34. Rb2 R4f6 35. Ra2 Rf4 36. Rb2 1/2-1/2

[Event "WY U-16 Chess Olympiad 2019"]
[Site "Corum"]
[Date "2019.10.30"]
[Round "3"]
[White "Yu, Kaifeng"]
[Black "Cheah, Kah Hoe"]
[Result "1-0"]
[WhiteElo "2367"]
[BlackElo "1815"]
[Annotator "NA"]
[PlyCount "73"]
[EventDate "2019.10.28"]
[EventType "team-tourn"]
[EventCountry "TUR"]
[SourceTitle "playchess.com"]
[Source "ChessBase"]
[SourceQuality "1"]

1. d4 d5 2. c4 c6 3. e3 Nf6 4. Nc3 e6 5. Nf3 Bd6 6. Bd3 O-O 7. e4 dxe4 8. Nxe4 Nxe4 9. Bxe4 Nd7 10. O-O Nf6 11. Bc2 b5 12. c5 Be7 13. Bg5 Nd5 14. Qd3 f5 15. Bxe7 Qxe7 16. Bb3 Qc7 17. Rfe1 Bd7 18. a4 bxa4 19. Rxa4 a5 20. Ne5 Rfb8 21. Rea1 Rb5 22. Nc4 Nb4 23. Qf3 Nd5 24. Nd6 Rbb8 25. h3 Qd8 26. Nc4 Rb5 27. Ne5 Qc7 28. Bxd5 cxd5 29. Nxd7 Qxd7 30. b4 Qc7 31. Qe2 Qc6 32. Rxa5 Raxa5 33. bxa5 Qa6 34. Qe5 Rb7 35. c6 Qxc6 36. a6 Rc7 37. Qxc7 1-0

[Event "WY U-16 Chess Olympiad 2019"]
[Site "Corum"]
[Date "2019.10.30"]
[Round "3"]
[White "Garifullina, Leya"]
[Black "Gombocz, Ferenc Jr."]
[Result "1-0"]
[WhiteElo "2330"]
[BlackElo "2200"]
[Annotator "NA"]
[PlyCount "121"]
[EventDate "2019.10.28"]
[EventType "team-tourn"]
[EventCountry "TUR"]
[SourceTitle "playchess.com"]
[Source "ChessBase"]
[SourceQuality "1"]

1. e4 e5 2. Nf3 Nc6 3. Bb5 g6 4. c3 a6 5. Ba4 d6 6. d4 Bd7 7. O-O Bg7 8. Re1 Nf6 9. d5 Ne7 10. Bxd7+ Qxd7 11. c4 O-O 12. Nc3 h6 13. c5 Nh7 14. Qb3 dxc5 15. a4 b6 16. Be3 a5 17. Nd2 g5 18. Nc4 Nc8 19. Nb5 Rb8 20. d6 c6 21. Nc7 Nxd6 22. Na6 Qe6 23. Nxb8 Rxb8 24. Nxa5 c4 25. Qb4 Bf8 26. Nxc6 Ne8 27. Qb5 Nc7 28. Qxe5 Qxc6 29. Bd4 f6 30. Qf5 Bg7 31. a5 bxa5 32. Rxa5 Nb5 33. Be3 Nf8 34. Rc1 Nd6 35. Qd5+ Qxd5 36. Rxd5 Nxe4 37. f3 Rb3 38. Bd4 Ne6 39. fxe4 Nf4 40. Rd8+ Kf7 41. Rxc4 Ne2+ 42. Kf2 Nxd4 43. Rcxd4 Rxb2+ 44. Rd2 Rxd2+ 45. Rxd2 Bf8 46. Rd7+ Kg6 47. Kf3 Ba3 48. g4 Bb2 49. h3 h5 50. Ke2 hxg4 51. hxg4 Be5 52. Kd3 Bb2 53. Kc4 Be5 54. Kd5 Bb2 55. Ke6 Ba3 56. Rd8 Kg7 57. Kf5 Be7 58. Rd7 Kh6 59. Ke6 Bf8 60. Kxf6 Bg7+ 61. Kf5 1-0

[Event "WY U-16 Chess Olympiad 2019"]
[Site "Corum"]
[Date "2019.10.30"]
[Round "3"]
[White "Stefansson, Vignir Vatnar"]
[Black "Brilej, Jaka"]
[Result "1/2-1/2"]
[WhiteElo "2327"]
[BlackElo "2177"]
[Annotator "NA"]
[PlyCount "72"]
[EventDate "2019.10.28"]
[EventType "team-tourn"]
[EventCountry "TUR"]
[SourceTitle "playchess.com"]
[Source "ChessBase"]
[SourceQuality "1"]

1. d4 f5 2. h4 Nf6 3. h5 e6 4. Nc3 Be7 5. Nf3 b6 6. h6 g6 7. d5 Bb7 8. dxe6 dxe6 9. Qxd8+ Bxd8 10. Ng5 Ke7 11. f3 Nbd7 12. e4 fxe4 13. Ncxe4 Nxe4 14. Nxe4 Bxe4 15. fxe4 Rf8 16. Bd2 c6 17. O-O-O Bc7 18. Bg5+ Ke8 19. Bc4 Nc5 20. e5 Rf5 21. Bf6 b5 22. Be2 Bxe5 23. Bxe5 Rxe5 24. Bf3 Rc8 25. Rd6 Ne4 26. Bxe4 Rxe4 27. Rhd1 Rc7 28. Rd8+ Ke7 29. Rg8 Rf4 30. g4 Rf7 31. g5 e5 32. Kd2 Rd7+ 33. Ke2 Rxd1 34. Kxd1 Rf8 35. Rg7+ Rf7 36. Rg8 Rf8 1/2-1/2

[Event "WY U-16 Chess Olympiad 2019"]
[Site "Corum"]
[Date "2019.10.30"]
[Round "3"]
[White "Krstulovic, Alex"]
[Black "Murzin, Volodar"]
[Result "0-1"]
[WhiteElo "2324"]
[BlackElo "2433"]
[Annotator "NA"]
[PlyCount "60"]
[EventDate "2019.10.28"]
[EventType "team-tourn"]
[EventCountry "TUR"]
[SourceTitle "playchess.com"]
[Source "ChessBase"]
[SourceQuality "1"]

1. d4 d5 2. c4 c6 3. cxd5 cxd5 4. Bf4 Nc6 5. e3 e6 6. Nc3 Bd6 7. Bxd6 Qxd6 8. f4 Nge7 9. Nf3 f6 10. Bd3 Bd7 11. O-O O-O 12. a3 Be8 13. Qc2 Bg6 14. Bxg6 Nxg6 15. Rfd1 Nge7 16. b4 Rac8 17. Qb3 Nf5 18. Na4 b6 19. Qd3 Qd7 20. Nc3 Nce7 21. Rac1 Nd6 22. Nd2 Rc7 23. Ne2 Rfc8 24. Rxc7 Rxc7 25. Rc1 Rxc1+ 26. Nxc1 Nef5 27. Kf2 Qc6 28. Ne2 Nc4 29. Nxc4 dxc4 30. Qc2 Qxg2+ 0-1

[Event "WY U-16 Chess Olympiad 2019"]
[Site "Corum"]
[Date "2019.10.30"]
[Round "3"]
[White "Ke, Ivan"]
[Black "Deng Yu Dong Michael"]
[Result "1/2-1/2"]
[WhiteElo "2321"]
[BlackElo "2130"]
[Annotator "NA"]
[PlyCount "62"]
[EventDate "2019.10.28"]
[EventType "team-tourn"]
[EventCountry "TUR"]
[SourceTitle "playchess.com"]
[Source "ChessBase"]
[SourceQuality "1"]

1. d4 d5 2. c4 e6 3. Nc3 Nf6 4. cxd5 exd5 5. Bg5 Be7 6. e3 c6 7. Bd3 Nbd7 8. Qc2 Nh5 9. Bxe7 Qxe7 10. Nge2 g6 11. O-O O-O 12. Rab1 a5 13. a3 f5 14. Na4 Nhf6 15. Rfc1 Re8 16. Nc5 Ne4 17. Nxd7 Bxd7 18. Re1 Qd6 19. Nc3 Nxc3 20. Qxc3 f4 21. exf4 Qxf4 22. Re5 Rxe5 23. dxe5 Rf8 24. Rf1 Be6 25. Bc2 d4 26. Qg3 Qxg3 27. hxg3 Bc4 28. Rd1 Rd8 29. Be4 Kf7 30. f4 Ke6 31. Kf2 c5 1/2-1/2

[Event "WY U-16 Chess Olympiad 2019"]
[Site "Corum"]
[Date "2019.10.30"]
[Round "3"]
[White "Sargsyan, Tigran R."]
[Black "Santos, Jose Guilherme B Lim"]
[Result "1-0"]
[WhiteElo "2321"]
[BlackElo "2183"]
[Annotator "NA"]
[PlyCount "93"]
[EventDate "2019.10.28"]
[EventType "team-tourn"]
[EventCountry "TUR"]
[SourceTitle "playchess.com"]
[Source "ChessBase"]
[SourceQuality "1"]

1. Nf3 Nf6 2. c4 e6 3. Nc3 d5 4. d4 Bb4 5. Qa4+ Nc6 6. e3 O-O 7. Qc2 Re8 8. Bd2 dxc4 9. Bxc4 a6 10. O-O b5 11. Bd3 e5 12. Nxb5 Bxd2 13. Qxc6 Bd7 14. Qxc7 Bxb5 15. Qxd8 Raxd8 16. Bxb5 axb5 17. Nxd2 exd4 18. exd4 Rxd4 19. Nf3 Rc4 20. b3 Rc3 21. Rac1 Nd5 22. Rcd1 Nb4 23. Rd2 Ra8 24. Re1 g6 25. h4 Rxa2 26. Rd7 Rc8 27. Ree7 Rf8 28. Ne5 Ra1+ 29. Kh2 Re1 30. Rxf7 Rxf7 31. Nxf7 Re4 32. g4 Nc6 33. Nh6+ Kf8 34. Rxh7 Rb4 35. Rf7+ Ke8 36. Rf6 Nd4 37. Rf4 Kd7 38. h5 g5 39. Rf6 Rxb3 40. Nf5 Ne2 41. h6 Nf4 42. Ne3 Rc3 43. Rb6 Rc6 44. h7 Rc8 45. Rxb5 Ne6 46. Rb7+ Kd6 47. Nf5+ 1-0

[Event "WY U-16 Chess Olympiad 2019"]
[Site "Corum"]
[Date "2019.10.30"]
[Round "3"]
[White "Cardoso Cardoso, Jose Gabriel"]
[Black "Tadic, Stefan"]
[Result "1/2-1/2"]
[WhiteElo "2313"]
[BlackElo "2295"]
[Annotator "NA"]
[PlyCount "94"]
[EventDate "2019.10.28"]
[EventType "team-tourn"]
[EventCountry "TUR"]
[SourceTitle "playchess.com"]
[Source "ChessBase"]
[SourceQuality "1"]

1. d4 d5 2. c4 e6 3. Nc3 c5 4. cxd5 exd5 5. Nf3 Nc6 6. dxc5 Nf6 7. Bg5 Bxc5 8. e3 O-O 9. Be2 d4 10. exd4 Nxd4 11. Nxd4 Qxd4 12. O-O h6 13. Be3 Qxd1 14. Nxd1 Bxe3 15. Nxe3 Be6 16. Bf3 Rad8 17. Rfd1 b6 18. h3 Rxd1+ 19. Rxd1 Rc8 20. a3 Kf8 21. Bb7 Rb8 22. Bf3 Rc8 23. Kf1 Ke7 24. Ke2 g6 25. g4 Bd7 26. h4 Bc6 27. Bxc6 Rxc6 28. Rd4 Rd6 29. Ra4 a5 30. Rc4 Kd7 31. Rf4 Ke7 32. Nc4 Re6+ 33. Kd3 Nd7 34. b4 axb4 35. axb4 Ne5+ 36. Nxe5 Rxe5 37. Re4 Rxe4 38. Kxe4 Ke6 39. f3 f5+ 40. Kd4 fxg4 41. fxg4 h5 42. gxh5 gxh5 43. Kc4 Kd6 44. Kb5 Kc7 45. Kc4 Kd6 46. Kb5 Kc7 47. Kc4 Kd6 1/2-1/2

[Event "WY U-16 Chess Olympiad 2019"]
[Site "Corum"]
[Date "2019.10.30"]
[Round "3"]
[White "Juksta, Karolis"]
[Black "Alexakis, Dimitris"]
[Result "1/2-1/2"]
[WhiteElo "2310"]
[BlackElo "2459"]
[Annotator "TA"]
[PlyCount "112"]
[EventDate "2019.10.28"]
[EventType "team-tourn"]
[EventCountry "TUR"]
[SourceTitle "playchess.com"]
[Source "ChessBase"]
[SourceQuality "1"]

1. d4 Nf6 2. c4 g6 3. Nc3 Bg7 4. e4 d6 5. Be2 O-O 6. Be3 Nc6 7. d5 Ne5 8. f4 Neg4 9. Bd2 Nh6 10. Nf3 e6 11. dxe6 fxe6 12. O-O Nf7 13. Qc2 Bd7 14. Bd3 e5 15. fxe5 Nxe5 16. Nxe5 dxe5 17. Nd5 c6 18. Nxf6+ Bxf6 19. c5 Be6 20. Be3 Bg5 21. Rxf8+ Kxf8 22. Bf2 Qe7 23. Rf1 Kg8 24. b3 Rd8 25. Rd1 Kg7 26. Be2 Rxd1+ 27. Qxd1 Qd8 28. Qxd8 Bxd8 29. Bd3 Ba5 30. Kf1 Bc3 31. Bc2 Kf6 32. Ke2 Bd4 33. Be3 b6 34. cxb6 axb6 35. Kd3 c5 36. Kd2 b5 37. Bd3 c4 38. Bc2 g5 39. bxc4 bxc4 40. a4 Bd7 41. a5 Bb5 42. Ke2 h6 43. h4 Bxe3 44. Kxe3 Ke7 45. hxg5 hxg5 46. Kd2 Kd6 47. Kc3 Kc5 48. g3 Ba6 49. Bd1 Bb7 50. Bc2 Kb5 51. Bb1 Ba6 52. Ba2 Kc5 53. Bb1 Bb7 54. Bc2 Bc8 55. Bd1 Ba6 56. Ba4 Bb7 1/2-1/2

[Event "WY U-16 Chess Olympiad 2019"]
[Site "Corum"]
[Date "2019.10.30"]
[Round "3"]
[White "Lashkin, Jegor"]
[Black "Gan-Erdene, Sugar"]
[Result "1/2-1/2"]
[WhiteElo "2304"]
[BlackElo "2407"]
[Annotator "NA"]
[PlyCount "36"]
[EventDate "2019.10.28"]
[EventType "team-tourn"]
[EventCountry "TUR"]
[SourceTitle "playchess.com"]
[Source "ChessBase"]
[SourceQuality "1"]

1. d4 Nf6 2. c4 g6 3. Nc3 Bg7 4. e4 d6 5. Be2 O-O 6. Be3 e5 7. d5 Na6 8. g4 Nc5 9. f3 a5 10. h4 h5 11. g5 Nh7 12. Qd2 f6 13. Nh3 Bxh3 14. Rxh3 fxg5 15. hxg5 Rf4 16. Rg3 Qe7 17. O-O-O b6 18. Rdg1 Raf8 1/2-1/2

[Event "WY U-16 Chess Olympiad 2019"]
[Site "Corum"]
[Date "2019.10.30"]
[Round "3"]
[White "Uzumcu, Ahmet Utku"]
[Black "Tsaruk, Maksim"]
[Result "1/2-1/2"]
[WhiteElo "2304"]
[BlackElo "2230"]
[Annotator "NA"]
[PlyCount "202"]
[EventDate "2019.10.28"]
[EventType "team-tourn"]
[EventCountry "TUR"]
[SourceTitle "playchess.com"]
[Source "ChessBase"]
[SourceQuality "1"]

1. e4 e5 2. Nf3 Nc6 3. Bc4 Nf6 4. d3 Be7 5. O-O O-O 6. Re1 d6 7. a4 Be6 8. Nbd2 Qd7 9. c3 Rad8 10. b4 a6 11. b5 Na7 12. Bxe6 fxe6 13. bxa6 bxa6 14. d4 Nc6 15. Qe2 exd4 16. cxd4 Nb4 17. Nb3 Rb8 18. Bg5 h6 19. Bxf6 Rxf6 20. e5 Rff8 21. exd6 cxd6 22. Rac1 Rf6 23. Nbd2 Qxa4 24. Ne4 Rf7 25. Nc3 Qd7 26. Rb1 a5 27. Qxe6 Qxe6 28. Rxe6 Bf8 29. h3 Rc7 30. Na4 Rc2 31. Re3 Kf7 32. Ra3 Be7 33. Nc3 Bd8 34. Nd5 Ke6 35. Nf4+ Kd7 36. Nd5 Rbc8 37. Ne3 Rc1+ 38. Rxc1 Rxc1+ 39. Kh2 Kc6 40. d5+ Kd7 41. Nd2 Rc5 42. Ne4 Rc8 43. Nc3 Bb6 44. Kg3 Bxe3 45. fxe3 Nc2 46. Rb3 Nxe3 47. Na4 Nxd5 48. Rb5 Nc3 49. Rxa5 Nxa4 50. Rxa4 Ke6 51. Kf4 Rf8+ 52. Ke3 d5 53. Ra6+ Ke5 54. Ra7 g5 55. Re7+ Kd6 56. Rh7 Rf6 57. Kd4 Rf4+ 58. Kd3 Rh4 59. Ke3 Re4+ 60. Kd3 Rh4 61. Ke3 d4+ 62. Kd3 Ke5 63. Rf7 g4 64. hxg4 Rxg4 65. Re7+ Kf5 66. Rf7+ Kg6 67. Rf8 h5 68. g3 Rxg3+ 69. Kxd4 Kg5 70. Ke4 Ra3 71. Rg8+ Kh4 72. Kf4 Kh3 73. Rh8 h4 74. Rh7 Ra8 75. Rg7 Rf8+ 76. Ke3 Kh2 77. Rh7 h3 78. Ke2 Kg2 79. Rg7+ Kh1 80. Rh7 h2 81. Rg7 Ra8 82. Kf2 Ra2+ 83. Kf1 Ra1+ 84. Kf2 Rg1 85. Rh7 Rg2+ 86. Kf1 Rg4 87. Kf2 Rg2+ 88. Kf1 Rg6 89. Kf2 Rg5 90. Rh8 Rf5+ 91. Kg3 Rg5+ 92. Kf2 Rg6 93. Kf1 Rf6+ 94. Ke2 Kg2 95. Rg8+ Kh3 96. Rh8+ Kg3 97. Rg8+ Kf4 98. Rh8 Ra6 99. Kf1 Ra2 100. Rf8+ Kg5 101. Rh8 Rb2 1/2-1/2

[Event "WY U-16 Chess Olympiad 2019"]
[Site "Corum"]
[Date "2019.10.30"]
[Round "3"]
[White "Mosesov, Danylo"]
[Black "Terziev, Dimo"]
[Result "1-0"]
[WhiteElo "2290"]
[BlackElo "2098"]
[Annotator "NA"]
[PlyCount "111"]
[EventDate "2019.10.28"]
[EventType "team-tourn"]
[EventCountry "TUR"]
[SourceTitle "playchess.com"]
[Source "ChessBase"]
[SourceQuality "1"]

1. d4 Nf6 2. c4 g6 3. Nc3 Bg7 4. e4 d6 5. Be2 O-O 6. Be3 c5 7. dxc5 dxc5 8. Qxd8 Rxd8 9. Bxc5 Nc6 10. Nf3 b6 11. Ba3 e6 12. O-O Ba6 13. Rfd1 Na5 14. b3 Bb7 15. b4 Nc6 16. Rab1 Ne8 17. Rbc1 Nd4 18. Nxd4 Bxd4 19. c5 bxc5 20. bxc5 Be5 21. f3 Nc7 22. Kf2 Bd4+ 23. Kf1 Bc6 24. Bc4 a6 25. Bb4 a5 26. Ba3 Rab8 27. Rd3 Be5 28. g3 Kf8 29. Ke1 Ke8 30. Rcd1 Rxd3 31. Rxd3 h5 32. Kd2 h4 33. gxh4 Bxh2 34. Kc2 Be5 35. Rd1 Bg3 36. Bc1 Rd8 37. Rh1 Rd4 38. Bd3 Ba4+ 39. Nxa4 Rxa4 40. a3 Rd4 41. h5 gxh5 42. Rxh5 Rd8 43. Bg5 Ra8 44. Bb5+ Nxb5 45. Rh8+ Kd7 46. Rxa8 Kc6 47. Rxa5 Nd4+ 48. Kd3 Nxf3 49. Be3 Ne5+ 50. Kd4 Nf3+ 51. Kc4 Ne5+ 52. Kb3 f5 53. Ra6+ Kd7 54. Rd6+ Ke7 55. Bg5+ Kf7 56. c6 1-0

[Event "WY U-16 Chess Olympiad 2019"]
[Site "Corum"]
[Date "2019.10.30"]
[Round "3"]
[White "Runets, Ivan"]
[Black "Aydincelebi, Kagan"]
[Result "1/2-1/2"]
[WhiteElo "2288"]
[BlackElo "2285"]
[Annotator "NA"]
[PlyCount "86"]
[EventDate "2019.10.28"]
[EventType "team-tourn"]
[EventCountry "TUR"]
[SourceTitle "playchess.com"]
[Source "ChessBase"]
[SourceQuality "1"]

1. d4 d5 2. c4 dxc4 3. e3 Nf6 4. Bxc4 e6 5. Nf3 c5 6. O-O a6 7. Bb3 Nc6 8. Nc3 cxd4 9. exd4 Be7 10. Re1 Na5 11. Bc2 b5 12. Ne5 Bb7 13. Bg5 O-O 14. Qd3 g6 15. Bh6 Re8 16. Qh3 Bd5 17. Bd1 Rc8 18. Nxd5 Qxd5 19. Be3 Qd6 20. Bf3 Nc4 21. Nxc4 Rxc4 22. Qg3 Nd5 23. Qxd6 Bxd6 24. Rac1 Nxe3 25. fxe3 Rec8 26. Rxc4 Rxc4 27. g3 h5 28. Kf2 a5 29. Be4 b4 30. Bd3 Rc7 31. b3 Rc3 32. Ke2 Kg7 33. Kd2 Be7 34. Rf1 f5 35. Rf3 Bg5 36. Rf1 Kf6 37. Ke2 Ke7 38. Rd1 Kd6 39. Kf3 e5 40. dxe5+ Kxe5 41. Ke2 Bh6 42. Rf1 Bg5 43. Rd1 Bh6 1/2-1/2

[Event "WY U-16 Chess Olympiad 2019"]
[Site "Corum"]
[Date "2019.10.30"]
[Round "3"]
[White "Csiki, Endre"]
[Black "Shubin, Kirill"]
[Result "1/2-1/2"]
[WhiteElo "2287"]
[BlackElo "2416"]
[Annotator "NA"]
[PlyCount "40"]
[EventDate "2019.10.28"]
[EventType "team-tourn"]
[EventCountry "TUR"]
[SourceTitle "playchess.com"]
[Source "ChessBase"]
[SourceQuality "1"]

1. e4 e6 2. d4 d5 3. Nc3 Bb4 4. exd5 exd5 5. Bd3 c6 6. Nf3 Ne7 7. O-O Bf5 8. Bf4 Bxd3 9. Qxd3 O-O 10. Rfe1 Ng6 11. Bg3 Nd7 12. a3 Be7 13. Qf5 Nf6 14. h4 Qc8 15. Qxc8 Raxc8 16. Ne5 Rfe8 17. f3 Nh5 18. Nxg6 hxg6 19. Bf2 Nf4 20. Ne2 Bd6 1/2-1/2

[Event "WY U-16 Chess Olympiad 2019"]
[Site "Corum"]
[Date "2019.10.30"]
[Round "3"]
[White "Martins, Bruno Andre Leite"]
[Black "Barseghyan, Armen Ar."]
[Result "0-1"]
[WhiteElo "2284"]
[BlackElo "2381"]
[Annotator "NA"]
[PlyCount "74"]
[EventDate "2019.10.28"]
[EventType "team-tourn"]
[EventCountry "TUR"]
[SourceTitle "playchess.com"]
[Source "ChessBase"]
[SourceQuality "1"]

1. e4 c5 2. Nf3 Nc6 3. d4 cxd4 4. Nxd4 g6 5. c4 Nf6 6. Nc3 d6 7. Be2 Nxd4 8. Qxd4 Bg7 9. Be3 O-O 10. Qd2 a5 11. O-O a4 12. Bd4 Qa5 13. Rad1 Be6 14. f4 Rfc8 15. b3 axb3 16. axb3 Re8 17. f5 Bd7 18. Qf4 Bc6 19. g4 Nd7 20. Bxg7 Kxg7 21. Rf3 Qe5 22. Qc1 h6 23. Rdf1 Nf6 24. g5 hxg5 25. Qxg5 Rh8 26. Qg2 Nxe4 27. fxg6 f6 28. Nd5 Bxd5 29. cxd5 Nd2 30. Qf2 Nxf3+ 31. Bxf3 Ra1 32. Rxa1 Qxa1+ 33. Kg2 Qe5 34. h4 Rc8 35. h5 Qg5+ 36. Kh3 Rc3 37. Qe2 Qxh5+ 0-1